<?xml version="1.0" encoding="UTF-8"?>
<marc:record xmlns:marc="http://www.loc.gov/MARC21/slim">
   <marc:leader>00000nam a2200000 a 4500</marc:leader>
   <marc:datafield ind1="1" ind2=" " tag="100">
      <marc:subfield code="a">Strohmeier, Fred</marc:subfield>
      <marc:subfield code="4">aut</marc:subfield>
      <marc:subfield code="e">Verfasser/-in</marc:subfield>
   </marc:datafield>
   <marc:datafield ind1="0" ind2="0" tag="245">
      <marc:subfield code="a">Distelblüten</marc:subfield>
   </marc:datafield>
   <marc:datafield ind1="0" ind2="0" tag="245">
      <marc:subfield code="b">Roman um die Entfremdung des Menschen von der Erde</marc:subfield>
   </marc:datafield>
   <marc:datafield ind1=" " ind2="1" tag="264">
      <marc:subfield code="b">Wiener Journal Zeitschriftenverl.</marc:subfield>
      <marc:subfield code="c">1992</marc:subfield>
   </marc:datafield>
   <marc:datafield ind1="1" ind2=" " tag="520">
      <marc:subfield code="a">Jakob Ackermann, ein einfallsreicher Jungbauer, beginnt im Nebenerwerb eine zweite Karriere als Landmaschinenverkäufer. Durch seinen neuen Beruf wird er mit Theo Baast bekannt, einem großen Händler von Pflanzenschutzmitteln. Dieser hat die Idee, unverdorbene, chemiefreie Erde als "Bio-Erde" zu verkaufen.</marc:subfield>
   </marc:datafield>
   <marc:datafield ind1="3" ind2=" " tag="024">
      <marc:subfield code="a">3900379750</marc:subfield>
   </marc:datafield>
</marc:record>
